| 000 | 00508 a2200193 4500 | ||
|---|---|---|---|
| 005 | 20260407144403.0 | ||
| 008 | 260407b |||||||| |||| 00| 0 eng d | ||
| 020 |
_a9789389779141 _cRs. 2395.00 |
||
| 040 | _aMAIN | ||
| 082 |
_a658.300954 _bP272H |
||
| 100 | _aPatel, Falgunkumar Laxmanbhai | ||
| 245 | _aHuman resource management in India | ||
| 260 |
_bSarth Publications _c2023 _aDelhi |
||
| 300 | _a241 | ||
| 650 | _aManagement | ||
| 650 | _aPersonnel Management | ||
| 650 | _aIndia | ||
| 942 | _cBK | ||
| 999 |
_c394344 _d394344 |
||